000 01011cam a22003497a 4500
003 CHAP
005 20220817042452.0
008 971013s1985 r 00010 d
010 _a45634
011 _a46606
035 _a50747
040 _cCHAP
082 _a639.3
_bF45Y
110 _aFAO
245 1 3 _aLa prevención de las pérdidas de pescado curado
260 _aRoma :
_bFAO,
_c1985
300 _a88 p.
_b: ilus.
410 _aFAO
490 0 _aDocumento técnico de pesca
_v; 219
590 _aBATCH-UPD
_b10
_c20130110
_lUCH01
_h1549
590 _aBATCH-UPD
_b10
_c20130410
_lUCH01
_h0948
590 _aBATCH-UPD
_b10
_c20130914
_lUCH01
_h1213
590 _aCONVERSION
_b10
_c20130109
_lUCH01
_h1325
650 1 4 _aPescado ahumado.
_987463
650 1 4 _aPescado salado.
_987471
650 1 4 _aPescado seco.
_987472
810 0 _aFAO
830 0 0 _aDocumento técnico de pesca
_v; 219
_933242
901 _aBK
942 _cLIBRO
949 _a639.3 F45Y
_bBC
_cFAO
_d-113940
_eFAO1
_h68866
_i50747
_mD
_si
999 _c45634
_d45634